Vista normal
Vista MARC
Entrada Personal Name
Número de registros utilizados en: 2
001 - CONTROL NUMBER
- control field: 2522
003 - CONTROL NUMBER IDENTIFIER
- control field: OSt
005 - DATE AND TIME OF LATEST TRANSACTION
- control field: 20130726123110.0
008 - FIXED-LENGTH DATA ELEMENTS
- fixed length control field: 130726|||a|||||| | ||| d
040 ## - CATALOGING SOURCE
- Original cataloging agency: OSt
- Transcribing agency: OSt
100 ## - HEADING--PERSONAL NAME
- Personal name: De Fer, Thomas M.
670 ## - SOURCE DATA FOUND
- Source citation: Work cat.: (OSt): Gyawali, C. Prakash 2520, Manual Washington de especialidades clínicas: Gastroenterología, 2012.